000
00316nam a22001217a 4500
008
160504b xxu||||| |||| 00| 0 eng d
020
_a
9781449651718
020
_a
9781449651718
041
_a
eng
080
_a
618.2
245
_a
Management and leadership for nurse administrators:
_c
Linda Roussel;
942
_2
udc
_c
BK
999
_c
1792
_d
1792